Bladee - Be Nice 2 Me Lyrics - Statistics

General Stats
  • This quiz has been taken 79 times
  • The average score is 110 of 237
Answer Stats
Answer % Correct
if
98%
its
91%
a
89%
bite
81%
gotta
81%
I
81%
if
81%
it
81%
depot
79%
I
79%
see
79%
weed
79%
gotta
77%
it
77%
light
77%
I
72%
if
72%
I
70%
if
70%
it's
70%
don't
68%
feelings
68%
get
68%
gotta
68%
hide
68%
I
68%
illegal
68%
it
68%
it
68%
mind
68%
be
66%
be
64%
broke
64%
don't
64%
gotta
64%
gotta
64%
I
64%
I
64%
I
64%
I
64%
I
64%
ice
64%
if
64%
if
64%
it
64%
it
64%
like
64%
me
64%
my
64%
my
64%
nice
64%
post
64%
right
64%
see
64%
sidekick
64%
talk
64%
talk
64%
to
64%
wanna
64%
wrist
64%
wrong
64%
you
64%
you
64%
be
62%
do
62%
don't
62%
gonna
62%
if
62%
nicest
62%
not
62%
pics
62%
the
62%
then
62%
this
62%
to
62%
wanna
62%
want
62%
you
62%
you're
62%
you're
62%
honest
60%
if
60%
it's
60%
to
60%
be
53%
be
53%
to
53%
don't
51%
don't
51%
gonna
51%
honest
51%
I
51%
I
51%
if
51%
if
51%
it's
51%
me
51%
nice
51%
not
51%
right
51%
talk
51%
talk
51%
to
51%
to
51%
wanna
51%
want
51%
wrong
51%
you're
51%
talk
49%
to
49%
don't
47%
gonna
47%
I
47%
if
47%
me
47%
me
47%
me
47%
me
47%
nice
47%
nice
47%
nice
47%
nice
47%
not
47%
talk
47%
talk
47%
talk
47%
talk
47%
to
47%
to
47%
to
47%
wanna
47%
you're
47%
don't
45%
gonna
45%
I
45%
if
45%
me
45%
me
45%
nice
45%
nice
45%
not
45%
talk
45%
talk
45%
talk
45%
to
45%
to
45%
wanna
45%
you're
45%
I
40%
is
40%
it
40%
nothing
40%
strike
40%
strike
40%
three
40%
two
40%
can't
38%
feeling
38%
I
38%
get
36%
man
36%
that
36%
the
36%
a
32%
name
32%
all
30%
crisis
30%
do
30%
goin
30%
if
30%
im
30%
shit
30%
this
30%
this
30%
through
30%
you
30%
nicest
28%
the
28%
how
26%
I
26%
many
26%
me
26%
oh x8
26%
times
26%
you're
26%
anxious
23%
be
23%
for
23%
I
23%
I'm
23%
not
23%
and
21%
be
21%
be
21%
be
21%
free
21%
game
21%
gotta
21%
I
21%
it's
21%
me
21%
me
21%
me
21%
me
21%
my
21%
nice
21%
nice
21%
nice
21%
nice
21%
oh x8
21%
oh x8
21%
oh x8
21%
play
21%
pray
21%
prayed?
21%
pull
21%
slide
21%
the
21%
three
21%
to
21%
to
21%
to
21%
to
21%
you're
21%
a
19%
but
19%
D&G
19%
fuck
19%
nicest
19%
not
19%
painless
19%
razor
19%
sleeve
19%
the
19%
link
17%
silver
17%
surprises
17%
No matching quizzes found
Score Distribution
Percent of People with Each Score
Percentile by Number Answered
Your Score History
You have not taken this quiz